LIBRARY & INFORMATION CENTRE, KCAET, TAVANUR

ONLINE PUBLIC ACCESS CATALOGUE (OPAC)

Era of nanotechnology (Record no. 14871)

MARC details
000 -LEADER
fixed length control field 00281nam a22001217a 4500
020 ## - INTERNATIONAL STANDARD BOOK NUMBER
ISBN 9789350300220
082 ## - DEWEY DECIMAL CLASSIFICATION NUMBER
Classification number 620.43
Item number KAP/ER
100 ## - MAIN ENTRY--AUTHOR NAME
Personal name Kapoor, manish
245 ## - TITLE STATEMENT
Title Era of nanotechnology
260 ## - PUBLICATION, DISTRIBUTION, ETC. (IMPRINT)
Place of publication Jaipur
Name of publisher Oxford book company
Year of publication 2012
300 ## - PHYSICAL DESCRIPTION
Number of Pages 280p
942 ## - ADDED ENTRY ELEMENTS (KOHA)
Koha item type Books
Holdings
Withdrawn status Lost status Damaged status Collection code Home library Current library Shelving location Date acquired Cost, normal purchase price Full call number Accession Number Koha item type
        KAUAET KAUAET General Stacks 07/10/2017 1695.00 620.43 KAP/ER 23805 Books
free website counter